[Event "XXXV Abierto Ciudad de Sevilla"]
[Site "?"]
[Date "2010.01.08"]
[Round "1"]
[White "Komljenovic, Davor"]
[Black "Suarez Pozo, Juan Carlos"]
[Result "1-0"]
[WhiteElo "2431"]
[BlackElo "1855"]
[PlyCount "43"]
[EventDate "2010.01.08"]
[SourceDate "2010.01.08"]

1. d4 Nf6 2. c4 e6 3. Nc3 Bb4 4. Qc2 b6 {permitiendo ocupar e4} 5. e4 Bb7 6.
Bd3 Bxc3+ 7. bxc3 d6 8. Ne2 h6 9. O-O Nbd7 10. f4 e5 {el negro cedió la pareja
de alfiles y el centro; ahora impide e5 pero su posición es inferior} 11. a4 a5
12. Ng3 {el blanco puede preparar Tb1 y c5, o cambiar en e5 y presionar el ala
de rey con Cf5. La ventaja posicional blanca es decisiva ya que el rey negro
no estará seguro en ningún flanco} g6 13. Rb1 Qe7 14. fxe5 dxe5 15. c5 Kf8 16.
Bb5 Nb8 {la posición es tan inferior que lo menos mal era} (16... Nxc5 17. dxc5
Qxc5+ 18. Kh1 Kg7 19. Qa2 Qe7 20. Ba3 c5 21. Bc4 $18) 17. Ba3 Kg7 18. Qf2 Bxe4
(18... Nxe4 19. Nxe4 Bxe4 20. cxb6 Qe6 21. Rbe1 $18) 19. cxb6 {
Komljenovic sólo tiene que elegir entre muchas jugadas ganadoras} Qe6 (19...
Ng4 20. Bxe7 Nxf2 21. Rxf2 Bxb1 22. Bf6+ Kh7 23. Bxh8 $18) 20. Bc4 Bd5 {
Diagrama #} 21. Qxf6+ $1 {un elegante detalle táctico final} Qxf6 22. Bxd5 1-0

[Event "XXXV Abierto Ciudad de Sevilla"]
[Site "?"]
[Date "2010.01.08"]
[Round "1"]
[White "Fernandez Lumbreras, Miguel Angel"]
[Black "Mirzoev, Azer"]
[Result "0-1"]
[WhiteElo "1920"]
[BlackElo "2594"]
[PlyCount "52"]
[EventDate "2010.01.08"]
[SourceDate "2010.01.08"]

1. e4 c5 2. c3 Nf6 3. e5 Nd5 4. d4 cxd4 5. Nf3 Nc6 6. cxd4 d6 7. exd6 Qxd6 8.
Nc3 Bg4 9. Be2 e6 10. O-O Be7 11. h3 Bh5 12. a3 {a considerar 12.Db3 con
equilibrio, al tocar en b7 o cambiar en d5 eliminando el peón dama aislado. Se
han jugado también} (12. Re1 O-O 13. Ne4 Qc7 14. Be3 Rfd8 15. Rc1 Qb6 16. Qa4
Rac8 17. Nc5 Bxf3 18. Bxf3 e5 19. Bxd5 Rxd5 20. Nb3 exd4 21. Nxd4 {
1-0 Leshchenko,S-Sousa,N/Vila Nova de Gaia 2004}) (12. Nb5 Qd8 13. Ne5 Bxe2 14.
Qxe2 Qb6 15. Be3 Nxe3 16. fxe3 Nxe5 17. dxe5 O-O 18. Rad1 Bc5 19. Nd4 Rad8 20.
Qf2 Rd5 21. Qf4 Qxb2 22. Rb1 Qxa2 23. Rxb7 Bxd4 24. Qxf7+ Rxf7 25. Rb8+ Rf8 26.
Rbxf8# {1-0 Safaryan,A-Oms Fuentes,L/Dos Hermanas 2004}) 12... O-O 13. Ne4 {
el caballo no estará mejor en g3} (13. Nxd5 Qxd5 14. Be3 Rfd8 15. Qd2 Na5 16.
Rad1 Bf6 17. Qb4 Nc6 18. Qa4 a6 19. Rc1 b5 20. Qd1 Qd6 21. Qd2 Rac8 22. Rfd1
Bxf3 23. Bxf3 Nxd4 24. Bxd4 Rxc1 25. Rxc1 Qxd4 26. Qxd4 Bxd4 27. b3 a5 28. a4
bxa4 29. bxa4 g6 30. Rc7 Rb8 31. Bb7 Kg7 32. Rd7 Be5 33. g4 Kf8 34. Kg2 Ke8 35.
Bc6 Rb6 36. Rd5+ Rxc6 37. Rxe5 Ra6 38. Rb5 Ra7 39. g5 f5 40. f4 Kd7 41. Kf2 Kc6
42. h4 {1/2-1/2 Bonacci,M-Federovsky,M/Munich 2003}) 13... Qd8 14. Ng3 Bg6 15.
Re1 Qb6 16. Bc4 Rfd8 {Diagrama #} 17. Qb3 $2 {mejor b3 o Ce2} Nxd4 $19 18. Nxd4
Qxd4 19. Be3 Nxe3 20. Rxe3 Bg5 21. Ree1 Rac8 22. Be2 Bf6 23. Qxb7 Rb8 24. Qc7
Rdc8 25. Qa5 Qxb2 26. Ba6 Bc3 0-1

[Event "XXXV Abierto Ciudad de Sevilla"]
[Site "?"]
[Date "2010.01.08"]
[Round "1"]
[White "Gomez Feria, Jose Maria"]
[Black "Andersson, Ulf"]
[Result "0-1"]
[WhiteElo "1911"]
[BlackElo "2575"]
[PlyCount "50"]
[EventDate "2010.01.08"]
[SourceDate "2010.01.08"]

1. e4 c5 2. Nf3 d6 3. d4 cxd4 4. Nxd4 Nf6 5. f3 Nc6 6. Nc3 a6 7. Be3 Nxd4 8.
Qxd4 e5 9. Qd2 Be6 10. Be2 {es más usual 0-0-0. Dos jugadores de este torneo
figuran en la base. Terán empató con Damaso en Loures 2000 y Korneev venció a
Kovalev en Hamburgo 93} Be7 11. O-O O-O 12. Rad1 Qc7 13. Qe1 {algo lento; el
negro completará su desarrollo e tomará la iniciativa en el ala de dama} b5 14.
a3 Rfc8 15. Qf2 Rab8 16. Rd2 Qa5 17. Rc1 $6 (17. Nd5 Bxd5 18. exd5 Bd8 19. c3
$11) 17... b4 18. axb4 Rxb4 19. Nd1 d5 {se cumple la vieja máxima; si las
negras juegan d5 en una Siciliana, es que están bien} 20. exd5 Nxd5 {Diagrama #
} 21. Kh1 $2 {era obligado} (21. c3) 21... Nxe3 $19 22. Qxe3 h6 23. Rd3 (23. c3
Rb3 24. g3 Qc7 $19) 23... Bg5 24. Ra3 Bxe3 25. Rxa5 Bxc1 0-1

[Event "XXXV Abierto Ciudad de Sevilla"]
[Site "?"]
[Date "2010.01.08"]
[Round "1"]
[White "Korneev, Oleg"]
[Black "Muñoz Jorva, Miguel Angel"]
[Result "1-0"]
[WhiteElo "2573"]
[BlackElo "1910"]
[PlyCount "63"]
[EventDate "2010.01.08"]
[SourceDate "2010.01.08"]

1. e4 d5 2. exd5 Qxd5 3. Nc3 Qd8 4. d4 c6 5. Nf3 Nf6 6. Bc4 Bf5 7. Ne5 e6 8. g4
Bg6 9. h4 Be4 $6 {se imponía} (9... Bb4 10. h5 Be4 11. f3 Bd5 12. h6 g6 13. Bg5
Be7 $14) 10. Nxe4 Nxe4 11. Be3 Nd6 12. Bb3 Be7 13. h5 Nd7 14. Qd3 $6 (14. Qe2)
14... Nxe5 15. dxe5 Qa5+ 16. c3 Qxe5 17. O-O-O O-O-O (17... Qe4 $5) 18. Qd4
Qxd4 19. Bxd4 Nb5 $2 {Se imponía} (19... Ne4 20. f3 (20. Rhe1 Nf6) 20... Bg5+
21. Kc2 Nd2 $11 {En cambio ahora caerá g7 y quedará una fuerte debilidad en h7}
) 20. Bxg7 Rxd1+ 21. Rxd1 Rg8 22. h6 Bf8 23. Bxf8 Rxf8 24. Bc2 f5 25. gxf5 exf5
26. Rg1 Nd6 27. Rg7 {Diagrama #} Ne4 $2 {se imponía} (27... Rf6 28. Rxh7 Nf7
29. Rxf7 Rxf7 30. h7 Rf8 31. Bxf5+ Kd8 32. f4 Ke7 33. Kd2 Kf6 34. Be4 Kg7 35.
Ke3 c5) 28. Rxh7 $18 Nxf2 29. Rg7 Ng4 30. h7 Nf6 31. Bxf5+ Kb8 32. Be6 1-0

[Event "XXXV Abierto Ciudad de Sevilla"]
[Site "?"]
[Date "2010.01.08"]
[Round "1"]
[White "Yañez Acin, Gonzalo"]
[Black "Hickl, Joerg"]
[Result "0-1"]
[WhiteElo "1910"]
[BlackElo "2572"]
[PlyCount "51"]
[EventDate "2010.01.08"]
[SourceDate "2010.01.08"]

1. e4 d6 2. d4 g6 3. c3 Nf6 4. Bd3 e5 5. Ne2 Bg7 6. O-O O-O 7. Bg5 h6 8. Bh4
Nc6 {si se jugó c3, no es lógico ahora d5; podía seguirse con f4, f3 o Cd2} 9.
d5 Ne7 10. f3 c6 11. Bxf6 {no es lógico desprenderse de este alfil} Bxf6 12.
dxc6 bxc6 13. Kh1 Rb8 14. Qc2 Bg7 15. Nd2 f5 16. Ng3 d5 17. Nb3 Qb6 18. Rab1
Be6 19. Nd2 Kh8 20. b4 Rbd8 21. a3 dxe4 {
otra posibilidad es incrementar la presión con c5 o con Td6} 22. fxe4 f4 23.
Ne2 g5 24. c4 Qa6 25. Ra1 (25. Nb3 Rxd3 26. Nc5 Qxa3 (26... Qxc4 27. Qxd3 Qxd3
28. Nxd3 Bc4 29. Rbd1) 27. Nxd3 Qa6 28. Rfc1) 25... g4 {Diagrama #} 26. c5 $4
0-1

[Event "XXXV Abierto Ciudad de Sevilla"]
[Site "?"]
[Date "2010.01.08"]
[Round "1"]
[White "Fernandez Jimenez, Jorge"]
[Black "Rizouk, Aimen"]
[Result "0-1"]
[WhiteElo "1888"]
[BlackElo "2532"]
[PlyCount "44"]
[EventDate "2010.01.08"]
[SourceDate "2010.01.08"]

1. e4 e5 2. Nf3 Nc6 3. d4 exd4 4. Nxd4 Nf6 5. Nxc6 bxc6 6. e5 Qe7 7. Qe2 Nd5 8.
c4 Nb6 9. b3 a5 10. g3 (10. Ba3 {es posible} Qg5 11. Bxf8 Qc1+ 12. Qd1 Qxd1+
13. Kxd1 Rxf8 14. Nc3) 10... a4 11. Bb2 (11. Ba3 Qe6 12. Bxf8 Kxf8 13. Nd2 axb3
14. Nxb3 Ba6 $15) 11... axb3 12. axb3 Qb4+ 13. Nd2 Rxa1+ 14. Bxa1 Qa5 $17 ({
o bien} 14... Qa3 15. Qd1 Bb4 16. Bd3 Qa2 17. Bc2 Qa5 18. Ke2 d5 19. exd6 cxd6
20. Bxg7 Rg8 21. Bd4 Kd8 22. Ne4 Re8 23. Be3 Kc7 24. Qa1 Qh5+ 25. f3 Bb7 26.
Kf2 Nd7 27. Nf6 Nxf6 28. Qxf6 Bc5 29. Bxc5 Qxc5+ 30. Kf1 Qe3 31. Be4 Bc8 32. h4
Bd7 33. Qa1 f5 34. Qa5+ Kb7 35. Qb4+ Kc8 {0-1 Beltugov,E-Varavin,V/Pskov 1998})
15. Bd4 (15. Bb2 Bb4 16. Bg2 Qa2 17. Bc1 Qxb3 18. c5 Qc4 19. Qxc4 Nxc4 20. Kd1
Nxd2 21. Bxd2 Bxc5 22. Kc2 Bxf2 23. Ra1 Bd4 24. Bc3 Bxc3 25. Kxc3 Ke7 26. Ra7
Re8 27. Kd4 f6 28. exf6+ gxf6 29. Be4 Kd6 30. Bxh7 Rh8 31. Be4 Rxh2 32. Ke3 Rb2
33. Ra8 Bb7 34. Rb8 Rb6 35. Bd3 c5 36. Kf4 c4 37. Bf5 Bd5 38. Rf8 Ke7 39. Rh8
Be6 40. Rh7+ Kd6 41. Be4 Rb4 42. Ke3 Ke5 43. Rh5+ f5 44. g4 Rb3+ {
0-1 Popescu,G-Vajda,L/Herculane 1996}) 15... Bb4 16. Bg2 O-O 17. f4 d5 $6 (
17... f6 $1 18. exf6 gxf6) (17... Qa2) 18. exd6 cxd6 19. Bxc6 Bf5 20. Qe3 (20.
h3) 20... Nd7 {Diagrama #} 21. Ke2 $2 (21. g4) 21... Bg4+ $19 22. Nf3 Qa2+ 0-1

[Event "XXXV Abierto Ciudad de Sevilla"]
[Site "?"]
[Date "2010.01.08"]
[Round "1"]
[White "Spraggett, Kevin"]
[Black "Suriol Peinado, Alberto"]
[Result "1-0"]
[WhiteElo "2586"]
[BlackElo "1914"]
[PlyCount "53"]
[EventDate "2010.01.08"]
[SourceDate "2010.01.08"]

1. e4 e6 2. d4 d5 3. Nc3 dxe4 4. Nxe4 Bd7 5. Nf3 Bc6 6. Bd3 Nd7 7. O-O Ngf6 8.
Ned2 {apartándose del usual De2 para evitar simplificaciones} Be7 9. Nc4 Bxf3
10. Qxf3 Nd5 11. Na5 c6 {otra posibilidad era} (11... Rb8 12. c4 Nb4 13. Be4 c6
14. Nb3 Nf6 15. Bf4 Bd6 16. Bg5 h6 17. Bh4 Be7 18. a3 Nxe4 19. Bxe7 Qxe7 20.
Qxe4 Na6 21. Rad1 $16) 12. Nxb7 Qc7 13. Nc5 Nxc5 14. dxc5 Bxc5 15. c4 Nf6 16.
Bh6 Bf8 $2 (16... O-O $5) 17. Rad1 $16 O-O-O 18. Bg5 $6 (18. c5 $1 $18 Nd5 $2
19. Ba6+ Kb8 20. Bf4) 18... Be7 $16 19. b4 h5 20. g3 h4 21. b5 hxg3 22. hxg3
Bc5 23. Kg2 Rde8 $2 (23... cxb5 24. cxb5 Qb7) 24. bxc6 $18 Nh7 $2 25. Bf4 e5
26. Bf5+ Kb8 27. Rd7 1-0

[Event "XXXV Abierto Ciudad de Sevilla"]
[Site "?"]
[Date "2010.01.08"]
[Round "1"]
[White "Lemos, Damian"]
[Black "Morales Cano, Carlos"]
[Result "1-0"]
[WhiteElo "2544"]
[BlackElo "1901"]
[PlyCount "53"]
[EventDate "2010.01.08"]
[SourceDate "2010.01.08"]

1. d4 e6 2. c4 f5 3. g3 Nf6 4. Bg2 c6 5. Nf3 d5 6. O-O Bd6 7. Qc2 O-O 8. Nc3
Ne4 9. Rb1 a5 {debilitando b6 para impedir b4} (9... Nd7) 10. a3 Na6 11. c5 Bc7
12. Na4 Bd7 13. Ne5 Bxe5 14. dxe5 Qe7 15. Be3 Ng5 16. Nb6 Rad8 17. Rbc1 {
Diagrama # a5 caerá y no existe contrajuego; la ventaja posicional es decisiva}
h6 18. Qd2 Be8 19. Bd4 Qf7 20. e3 Qh5 21. f3 Nh7 22. Qxa5 g5 23. Nc4 Rd7 24.
Nd6 f4 25. Qd2 Kh8 26. Rc3 Rg8 27. Rb3 1-0

[Event "XXXV Abierto Ciudad de Sevilla"]
[Site "?"]
[Date "2010.01.08"]
[Round "1"]
[White "Herrera Ramirez, Daniel"]
[Black "Lalic, Bogdan"]
[Result "0-1"]
[WhiteElo "1882"]
[BlackElo "2494"]
[PlyCount "84"]
[EventDate "2010.01.08"]
[SourceDate "2010.01.08"]

1. e4 c5 2. Nf3 e6 3. d4 cxd4 4. Nxd4 Nc6 5. Be2 a6 6. O-O Nge7 7. c4 Nxd4 8.
Qxd4 Nc6 9. Qc3 b6 10. Bf4 Qf6 11. Bg3 Bc5 12. Qxf6 gxf6 13. Nd2 Nd4 14. Bd3 h5
15. h4 Rg8 16. Kh2 Bb7 17. a3 a5 18. b3 Ke7 19. Rfb1 Rg4 20. f3 $6 (20. Ra2)
20... Rg7 21. Nf1 Rag8 {Diagrama #} 22. Ra2 $6 (22. e5 fxe5 23. b4 Bd6 $19)
22... Rxg3 23. Nxg3 Bd6 24. b4 axb4 25. axb4 Bxg3+ 26. Kh1 Bxh4 27. b5 Bg3 28.
Ra7 Rb8 29. Kg1 Kd6 30. Kf1 h4 31. Rd1 Kc5 32. Be2 d6 33. Bd3 f5 34. Kg1 f4 35.
Kf1 h3 36. gxh3 Nxf3 37. Ke2 Ne5 38. Rh1 f5 39. Rxb7 Rxb7 40. exf5 exf5 41.
Bxf5 Re7 42. h4 Bxh4 0-1

[Event "XXXV Abierto Ciudad de Sevilla"]
[Site "?"]
[Date "2010.01.08"]
[Round "1"]
[White "Reina Aguilar , Marcelo"]
[Black "Burmakin, Vladimir"]
[Result "0-1"]
[WhiteElo "1919"]
[BlackElo "2590"]
[PlyCount "93"]
[EventDate "2010.01.08"]
[SourceDate "2010.01.08"]

1. d4 d5 2. c4 e6 3. Nc3 Nf6 4. cxd5 exd5 5. Bg5 c6 6. e3 Be7 7. Qc2 h6 8. Bh4
Nbd7 9. Bd3 O-O 10. Nge2 Re8 11. O-O Nh5 12. Bxe7 Qxe7 13. a3 a5 14. Rab1 Nhf6
15. b4 axb4 16. axb4 b5 17. Ng3 Nb6 18. e4 dxe4 19. Ncxe4 Nc4 20. Bxc4 (20.
Nxf6+ Qxf6 21. Bxc4 bxc4 22. Rfe1 Be6 $11) 20... Nxe4 21. Bxf7+ Qxf7 22. Nxe4
Bf5 23. f3 Qd5 24. Rfe1 Qxd4+ 25. Kh1 Re6 26. Red1 $6 (26. Qc5) 26... Bxe4 27.
fxe4 Qxe4 28. Qxe4 Rxe4 29. Rdc1 Ra2 (29... Ra4) 30. Rxc6 Ree2 (30... Rxb4) 31.
Rg6 Rab2 32. Rc1 Rxb4 33. h3 Kh7 34. Rg3 Re7 35. Rcc3 Rb7 36. Kg1 Rb1+ 37. Kf2
Rb2+ 38. Ke1 b4 39. Rb3 Rxb3 40. Rxb3 Kg6 41. Ke2 Kf5 42. Ke3 Ke5 43. g3 Kd5
44. Kd3 Kc5 45. Kd2 Kc4 46. Kc2 Rf7 47. Re3 {Diagrama # Ilegible} 0-1

[Event "XXXV Abierto Ciudad de Sevilla"]
[Site "?"]
[Date "2010.01.08"]
[Round "1"]
[White "Suarez Fernandez, Enrique Olive"]
[Black "Matamoros Franco, Carlos"]
[Result "0-1"]
[WhiteElo "1906"]
[BlackElo "2545"]
[PlyCount "116"]
[EventDate "2010.01.08"]
[SourceDate "2010.01.08"]

1. e3 g6 2. Nf3 Bg7 3. d4 Nf6 4. b3 c5 5. Bb2 cxd4 6. Bxd4 O-O 7. Be2 Nc6 8.
Bb2 b5 9. O-O Rb8 10. Na3 b4 11. Nc4 d6 12. Nd4 Bd7 13. Bf3 Qc7 14. c3 $6 (14.
a3) 14... Ne5 15. cxb4 Nxc4 16. bxc4 Rxb4 $17 17. Rb1 Rfb8 18. Nb3 Rxc4 19. Rc1
Rc8 20. Qd2 Rc2 21. Rxc2 Qxc2 22. Rc1 Qxd2 23. Rxc8+ Bxc8 24. Nxd2 Be6 25. Bd4
a5 26. Bc3 a4 27. Bc6 a3 28. Nb1 Bxa2 29. Nxa3 {Diagrama #} Nd5 30. Bxd5 Bxd5
31. Nb5 Bf8 32. f4 f6 33. Kf2 Kf7 34. Bd4 Bc6 35. Nc3 e5 36. fxe5 dxe5 37. Bb6
Bb4 38. Na2 Be7 39. Nc3 h5 40. g3 Ke6 41. h3 Kf5 42. e4+ Ke6 43. Ke3 Bb4 44.
Nd1 Bb5 45. g4 h4 46. Kf3 Bf1 47. g5 f5 48. exf5+ gxf5 49. g6 Bxh3 50. Nf2 Bf1
51. g7 Kf7 52. Bd8 h3 53. Bf6 Bd6 54. Kg3 e4+ 55. Kh4 h2 56. Kg5 e3 57. Nh1 Bg2
58. Kh6 Kg8 0-1

[Event "XXXV Abierto Ciudad de Sevilla"]
[Site "?"]
[Date "2010.01.08"]
[Round "1"]
[White "Franco Ocampos, Zenon"]
[Black "Gil Del Fresno, Manuel Jesus"]
[Result "1-0"]
[WhiteElo "2535"]
[BlackElo "1893"]
[PlyCount "85"]
[EventDate "2010.01.08"]
[SourceDate "2010.01.08"]

1. c4 g6 2. e4 d6 3. d4 Nf6 4. Nc3 Bg7 5. Be2 O-O 6. Nf3 e5 7. d5 Nbd7 8. Bg5
a5 9. Nd2 h6 10. Be3 Nxe4 $6 11. Ndxe4 f5 12. Qd2 f4 13. Bg4 Nf6 14. Bxc8 Qxc8
15. O-O Nxe4 16. Nxe4 fxe3 17. Qxe3 {
Diagrama # el blanco quedó con un caballo centralizado superior al alfil} h5 {
debilita g5 y, aún más, g6} 18. c5 h4 (18... Rf4 19. g3) (18... Qd7 19. cxd6
cxd6 20. Qg3) 19. cxd6 cxd6 20. Nxd6 Qd7 21. Ne4 Qxd5 22. Rfd1 Qe6 23. Rd6 Qg4
24. h3 Qf4 25. Rxg6 Qxe3 26. fxe3 Rac8 27. Rd1 Rc2 28. Rd7 Rf7 29. Rxf7 Kxf7
30. Rb6 Re2 31. Rxb7+ Kf8 32. Nd6 Bh6 33. Kf1 Rc2 34. Rb8+ Kg7 35. Nf5+ Kh7 36.
Rb7+ Kg6 37. Nxh6 Kxh6 38. Rb5 a4 39. a3 e4 40. Rb4 Kg5 41. Rxe4 Rxb2 42. Rxa4
Rb3 43. Kf2 1-0

[Event "XXXV Abierto Ciudad de Sevilla"]
[Site "?"]
[Date "2010.01.08"]
[Round "1"]
[White "Lopez Delgado, Manuel"]
[Black "Pogorelov, Ruslan"]
[Result "0-1"]
[WhiteElo "1877"]
[BlackElo "2474"]
[PlyCount "94"]
[EventDate "2010.01.08"]
[SourceDate "2010.01.08"]

1. d4 Nf6 2. c4 e6 3. a3 {
una curiosa forma de eludir la Nmzoindia; en toda caso, mejor sería Cf3} c5 4.
d5 exd5 5. cxd5 d6 6. Nc3 g6 7. e4 Bg7 {
en esta versión de la Indobenoni, la jugada a3 no es util} 8. Bg5 h6 9. Bh4 O-O
10. Nf3 g5 11. Bg3 {Diagrama #} Nxe4 $6 ({lo usual es} 11... Nh5) 12. Nxe4 Re8
13. Bd3 ({mejor} 13. Nfd2 f5 14. Be2 fxe4 15. Nc4 {con ventaja}) 13... f5 14.
Nfd2 fxe4 15. Bb5 $2 (15. Bxe4 Bxb2 16. Ra2 Bc3 17. Qf3 $14) (15. Nxe4 c4 16.
Bc2 Bf5 17. f3 Qb6 $15) 15... e3 $19 16. O-O (16. fxe3 Rxe3+ 17. Kf2 (17. Be2
Bg4) (17. Kf1 Bxb2) 17... Bd4) 16... exd2 (16... Bd7 $1 $19 17. Bxd7 e2) 17.
Bxe8 Qxe8 $17 18. Qxd2 Qg6 19. Rfe1 Bf5 20. Re7 Nd7 21. Rae1 Bf6 22. R7e2 Ne5
23. Bxe5 Bxe5 24. f3 Bd3 25. Rxe5 dxe5 26. Rxe5 c4 27. Re6 Qg7 28. d6 Rd8 29.
Qe3 Bf5 30. Re7 Qf6 31. Re8+ Rxe8 32. Qxe8+ Kg7 33. d7 Qd4+ 34. Kf1 Qxd7 35.
Qe5+ Kh7 36. g4 Bd3+ 37. Kf2 Qg7 38. Qb5 Qd4+ 39. Kg2 b6 40. Qb4 Qe5 41. a4 c3
42. Qxc3 Qxc3 43. bxc3 Bc2 44. Kg3 Bxa4 45. f4 Bd1 46. fxg5 a5 47. gxh6 a4 0-1

[Event "XXXV Abierto Ciudad de Sevilla"]
[Site "?"]
[Date "2010.01.08"]
[Round "1"]
[White "Fernandez Calzada, Juan"]
[Black "Starostits, Ilmlars"]
[Result "0-1"]
[WhiteElo "1869"]
[BlackElo "2471"]
[PlyCount "70"]
[EventDate "2010.01.08"]
[SourceDate "2010.01.08"]

1. e4 c6 2. d4 d5 3. exd5 cxd5 4. Bd3 Nc6 5. c3 Nf6 6. Nf3 Bg4 7. h3 Bxf3 8.
Qxf3 g6 9. O-O Bg7 10. Re1 O-O 11. Bf4 Qb6 12. Re2 Rfe8 13. g4 $6 (13. Na3)
13... Rad8 14. Na3 e5 15. dxe5 Nd7 {Diagrama #} 16. e6 $6 (16. Qg3 Ndxe5 17.
Rae1) 16... fxe6 17. Rae1 Nc5 18. Bb5 Rf8 19. Bxc6 (19. Qg3) 19... Qxc6 20. Qe3
d4 $19 21. cxd4 Bxd4 22. Qg3 Nd3 23. Be3 Nxe1 24. Rxe1 e5 25. b3 Qc3 26. Rc1
Qxc1+ 27. Bxc1 Bxf2+ 28. Qxf2 Rd1+ 29. Kg2 Rxf2+ 30. Kxf2 Rxc1 31. Nc4 Rc2+ 32.
Kf3 Rxa2 33. h4 Rc2 34. Nxe5 Rc3+ 35. Ke4 Rxb3 0-1

[Event "XXXV Abierto Ciudad de Sevilla"]
[Site "?"]
[Date "2010.01.08"]
[Round "1"]
[White "Santos Olivera, Francisco"]
[Black "Bhat Vinay, S."]
[Result "0-1"]
[WhiteElo "1895"]
[BlackElo "2540"]
[PlyCount "55"]
[EventDate "2010.01.08"]
[SourceDate "2010.01.08"]

1. d4 d5 2. c4 c6 3. Nf3 Nf6 4. cxd5 cxd5 5. Nc3 Nc6 6. Bf4 Nh5 7. e3 $6 Nxf4
8. exf4 Bg4 9. Be2 e6 10. Ne5 Bxe2 {Diagrama #} 11. Nxc6 (11. Qxe2 Nxd4) (11.
Nxe2 Bb4+ 12. Nc3 Qh4 $17) 11... Bxd1 12. Nxd8 Bh5 13. Nxb7 Rb8 14. Nc5 Rxb2
15. Rb1 (15. Nd3 Rc2 16. Rc1 Rxc1+ 17. Nxc1 Bd6 $17) 15... Rxb1+ 16. Nxb1 Bxc5
17. dxc5 Kd7 $19 18. O-O (18. Nd2 Rc8 19. Nb3 a5 20. Nxa5 Rxc5 21. Nb3 Rc2)
18... Rb8 19. Rc1 Rb2 20. Nc3 Kc6 21. f3 Bg6 22. Rd1 Rc2 23. Ne4 dxe4 24. fxe4
Bxe4 25. Rd6+ Kc7 26. Ra6 Rxg2+ 27. Kf1 Bd3+ 28. Kxg2 0-1

[Event "XXXV Abierto Ciudad de Sevilla"]
[Site "?"]
[Date "2010.01.08"]
[Round "1"]
[White "Vazquez Igarza, Renier"]
[Black "De Bordons Alba, Cesar"]
[Result "1-0"]
[WhiteElo "2560"]
[BlackElo "1908"]
[PlyCount "67"]
[EventDate "2010.01.08"]
[SourceDate "2010.01.08"]

1. d4 Nf6 2. c4 e6 3. Nc3 Bb4 4. e3 Bxc3+ 5. bxc3 c5 6. Bd3 d6 7. Ne2 e5 8. Ng3
O-O 9. d5 Re8 10. e4 h6 11. f3 {con el centro cerrado y sin contrajuego negro
contra c4 el blanco podrá progresar en el flanco de rey} Nbd7 12. Be3 Nf8 13.
Qd2 Ng6 14. Ne2 Qe7 15. h4 Nh7 16. g3 Bd7 17. a4 Rad8 18. Bf2 Rf8 19. g4 f6 (
19... Qf6 $5) 20. Be3 Rde8 21. Ng3 {Diagrama #} Nxh4 $6 22. Rxh4 f5 23. Rxh6 $1
(23. Rh1 f4 24. Nf5 Bxf5 25. gxf5 fxe3 26. Qxe3 Qg5) 23... gxh6 $6 (23... f4
24. Rh5 fxe3 (24... g6 25. Rh6 Kg7 26. Qh2 Rh8 27. Nf5+ $1 $18) 25. Qxe3 g6 26.
Rh6 Kg7 27. Nf5+ gxf5 28. exf5 Rf6 29. Rh5 $16) 24. exf5 Ng5 (24... Qh4 25. Qg2
$18) 25. Bxg5 Qxg5 26. Qxg5+ hxg5 27. Ne4 $18 Rc8 28. Kf2 Rcd8 29. Rh1 Rf7 30.
Nxg5 Rg7 31. Ne6 Bxe6 32. dxe6 Rf8 33. Be4 Rf6 34. Rh5 1-0

[Event "XXXV Abierto Ciudad de Sevilla"]
[Site "?"]
[Date "2010.01.09"]
[Round "2"]
[White "Steinhauser, Thomas"]
[Black "Hamdouchi, Hicham"]
[Result "0-1"]
[WhiteElo "2128"]
[BlackElo "2601"]
[PlyCount "50"]
[EventDate "2010.01.08"]
[SourceDate "2010.01.08"]

1. e4 c5 2. d4 cxd4 3. c3 dxc3 4. Nxc3 Nc6 5. Nf3 a6 6. Bc4 e6 7. O-O Nge7 {
desde g6 el caballo controlará la temática ruptura en e5} 8. Bg5 f6 9. Be3 b5
10. Bb3 Ng6 11. Nd4 Nxd4 12. Bxd4 Bd6 13. Qh5 O-O 14. Be3 Bb7 15. Rad1 Qe7 16.
Nd5 (16. f4 b4 17. Nd5) 16... Bxd5 {Diagrama #} (16... exd5 17. Bxd5+ Bxd5 18.
Qxd5+ Kh8 19. Qxd6 Qxe4 20. Qxd7) 17. exd5 {permite cerrar, era mejor} (17.
Bxd5 Rab8 18. f4 Nxf4 19. Bxf4 Bxf4 20. Rxf4 Qc5+ 21. Rf2 exd5 22. Rxd5 Qc1+
23. Rd1 Qc6 24. Qg4 Qe6 25. Qxe6+ dxe6 26. Rd6 a5 27. Rxe6 Rfe8 28. Rxe8+ Rxe8
29. Rf5 Re5 30. Rxe5 fxe5 31. Kf2 Kf7 $11) 17... e5 18. Rfe1 f5 19. Bg5 Qe8 20.
Re3 (20. f3) 20... h6 21. Bxh6 (21. Bh4 Nf4 22. Qxe8 Raxe8) 21... gxh6 22. Qxh6
Rf6 23. Rg3 Qf7 24. h4 Qh7 25. Qg5 Kf7 0-1

[Event "XXXV Abierto Ciudad de Sevilla"]
[Site "?"]
[Date "2010.01.09"]
[Round "2"]
[White "Burmakin, Vladimir"]
[Black "Ponce Lopez, Miguel"]
[Result "1-0"]
[WhiteElo "2590"]
[BlackElo "2121"]
[PlyCount "58"]
[EventDate "2010.01.08"]
[SourceDate "2010.01.08"]

{Una excelente labor posiconal de Burmakin explotando una mejor estructura de
peones} 1. Nf3 Nf6 2. g3 g6 3. b3 Bg7 4. Bb2 O-O 5. Bg2 d6 6. d4 c5 7. O-O a6
8. dxc5 dxc5 9. Qxd8 Rxd8 10. Ne5 Ng4 11. Nc4 Bxb2 12. Nxb2 {Diagrama #} Nc6 $6
{se podía jugar Ta7 o Cd7 y Tb8} 13. Bxc6 $1 bxc6 14. Nd3 Bf5 15. Na3 Nf6 16.
f3 Bxd3 17. cxd3 Rd5 18. Rac1 a5 19. Rc4 Nd7 20. Rfc1 e5 21. Nb1 Rd4 22. Kf2 a4
23. Rxa4 Rdxa4 24. bxa4 Rxa4 25. Rc2 f5 26. Nd2 Ra5 $2 (26... Kf7) 27. Nc4 Ra4
28. Rb2 Kf7 (28... e4) 29. Rb7 Ke6 1-0

[Event "XXXV Abierto Ciudad de Sevilla"]
[Site "?"]
[Date "2010.01.09"]
[Round "2"]
[White "Gutierrez Valero, Mario"]
[Black "Vazquez Igarza, Renier"]
[Result "0-1"]
[WhiteElo "2079"]
[BlackElo "2560"]
[PlyCount "60"]
[EventDate "2010.01.08"]
[SourceDate "2010.01.08"]

{En una interesante lucha el blanco cometió algunas imprecisiones que
permitieron al negro tomar la iniciativa} 1. d4 Nf6 2. c4 g6 3. Nc3 Bg7 4. e4
d6 5. h3 Nbd7 6. Bg5 e5 7. d5 a5 8. Bd3 Nc5 9. Bc2 Bd7 10. Nge2 c6 11. a3 (11.
dxc6 Bxc6 12. f3 Ne6 13. Be3) 11... cxd5 12. exd5 a4 13. O-O Qb6 14. Be3 Qa6 (
14... Qxb2 $4 15. Rb1) 15. Bxc5 (15. Nb5 $5 Bxb5 16. cxb5 Qxb5 17. Nc3 Qxb2 18.
Nxa4 Nxa4 19. Bxa4+ Kf8 20. Bb3 Kg8 (20... Rxa3 21. Rxa3 Qxa3 22. Qc2) 21. Qd3)
15... dxc5 16. Bd3 (16. Nb5 $5 Bxb5 17. cxb5 Qxb5 18. Nc3 Qxb2 19. Bxa4+ Kf8
20. Qd3) 16... O-O (16... e4 $5 17. Bxe4 Qxc4 18. Qd3 Qxd3 19. Bxd3 O-O $15)
17. Ng3 Qb6 18. Rb1 Ne8 19. b4 f5 20. Bc2 e4 21. Bxa4 Bc8 22. Bxe8 Bxc3 {
Diagrama #} 23. Ne2 $2 (23. Qb3 Be5 24. Bb5 $14) 23... Be5 $15 24. Ba4 f4 25.
Kh1 $2 (25. d6 Qxd6 26. Qxd6 Bxd6 27. Rfd1 Be5 28. Rd5 Bg7 29. Bd7) 25... f3
$19 26. Ng3 (26. Ng1 fxg2+ 27. Kxg2 Bb8 28. d6 Rxa4) 26... e3 (26... fxg2+ 27.
Kxg2 Qf6) 27. bxc5 (27. fxe3 fxg2+ 28. Kxg2 Rxf1 29. Nxf1 Qf6) 27... Qd8 28.
fxe3 Qh4 29. Rxf3 Bxh3 30. Nf1 Rxf3 0-1